000 00811nam a2200229 a 4500
001 000021477
005 20200930011336.0
008 100908s1983 dr 000 0 spa d
040 _aDO-SdBNP
_bspa
_cBNPHU
082 _a531.12
_bP418e
100 1 _aPenzo F., Mario
_944787
245 1 0 _aEstática de las construcciones :
_bapuntes de una cátedra /
_cMario Penzo F. ; prólogo Leonte Bernard V.
260 _aSanto Domingo :
_bAmigo del Hogar,
_c1983.
300 _a395 p. :
_bgraf. ;
_c29 cm.
500 _aIncluye índice alfabético
500 _aIncluye datos biográficos del autor en la solapa de la cubierta
504 _aIncluye referencias bibliográficas ( p. 389)
650 4 _aEstática
_938392
650 4 _aMecánica
_944788
700 1 _aBernard V., Leonte,
_epról.
_944789
049 _aBNPD
999 _c20977
_d20977